Access to information and contaminated land surveys. (Record no. 61561)

MARC details
000 -LEADER
fixed length control field 00608cam a2200181 4500
001 - CONTROL NUMBER
control field WB3532-20
008 - FIXED-LENGTH DATA ELEMENTS--GENERAL INFORMATION
fixed length control field 000000n1999 000 0 eng u
035 ## - SYSTEM CONTROL NUMBER
System control number (Sirsi) u102555
245 ## - TITLE STATEMENT
Title Access to information and contaminated land surveys.
260 ## - PUBLICATION, DISTRIBUTION, ETC.
Date of publication, distribution, etc. 1999
490 ## - SERIES STATEMENT
Series statement ENDS Report
Volume/sequential designation (294) July 1999, 55(1)
520 ## - SUMMARY, ETC.
Summary, etc. Discusses Maile v Wigan MBC exemption under the Environmental Information Regulations 1992.
650 ## - SUBJECT ADDED ENTRY--TOPICAL TERM
Topical term or geographic name entry element MAILE V WIGAN MBC
650 ## - SUBJECT ADDED ENTRY--TOPICAL TERM
Topical term or geographic name entry element ENVIRONMENTAL INFORMATION REGULATIONS 1992
650 ## - SUBJECT ADDED ENTRY--TOPICAL TERM
Topical term or geographic name entry element CONTAMINATED LAND
690 ## - LOCAL SUBJECT ADDED ENTRY--TOPICAL TERM (OCLC, RLIN)
Topical term or geographic name as entry element ENVIRONMENTAL AND LAND CONSULTANCY
942 ## - ADDED ENTRY ELEMENTS (KOHA)
Suppress in OPAC 0
Holdings
Withdrawn status Lost status Source of classification or shelving scheme Damaged status Not for loan Home library Current library Shelving location Date acquired Total Checkouts Full call number Barcode Date last seen Copy number Price effective from Koha item type
    Dewey Decimal Classification     London London News article 22/11/1999   WB3532-20 102555-1001 06/08/2019 1 06/08/2019 News article